|
|
|
|
| LEADER |
00000cam a2200000 7i4500 |
| 001 |
0000071092 |
| 005 |
20170305.0 |
| 008 |
170305 |
| 020 |
|
|
|a 9789674603960
|
| 090 |
0 |
0 |
|a 899.231
|b SYA
|
| 245 |
1 |
0 |
|a Syair alam melayu Nusantara
|c penyusun Roslan Madun
|
| 260 |
|
|
|a Kuala Lumpur :
|b Institut Terjemahan & Buku Malaysia Berhad ,
|c 2016
|
| 300 |
|
|
|a 140 p. ;
|c 22.5 cm.
|
| 541 |
0 |
0 |
|c Purchased on 2016
|
| 650 |
|
0 |
|a Malay poetry
|
| 650 |
|
0 |
|a Syair
|
| 999 |
|
|
|a 0001438774
|b Book
|c Adult Collection
|e Cawangan Kota Tinggi
|
| 999 |
|
|
|a 0001438775
|b Book
|c Adult Collection
|e Cawangan Taman Sri Lambak
|
| 999 |
|
|
|a 0001438776
|b Book
|c Adult Collection
|e Cawangan Tmn. Ungku Tun Aminah
|
| 999 |
|
|
|a 0001438777
|b Book
|c Adult Collection
|e Cawangan Tangkak
|
| 999 |
|
|
|a 0001438778
|b Book
|c Adult Collection
|e Cawangan Pontian
|
| 999 |
|
|
|a 0001438779
|b Book
|c Adult Collection
|e Cawangan Bandar Penawar
|
| 999 |
|
|
|a 0001438780
|b Book
|c Adult Collection
|e Cawangan Bandar Tenggara
|
| 999 |
|
|
|a 0001438781
|b Book
|c Adult Collection
|e Cawangan Batu Pahat
|
| 999 |
|
|
|a 0001438782
|b Book
|c Adult Collection
|e Cawangan Sri Merlong
|
| 999 |
|
|
|a 0001438783
|b Book
|c Adult Collection
|e Cawangan Muar
|
| 999 |
|
|
|a 0001438784
|b Book
|c Adult Collection
|e Cawangan Segamat
|
| 999 |
|
|
|a 0001438785
|b Book
|c Adult Collection
|e Cawangan Bukit Gambir
|
| 999 |
|
|
|a 0001438786
|b Book
|c Adult Collection
|e Cawangan Mersing
|
| 999 |
|
|
|a 0001444375
|b Book
|c Adult Collection
|e Perbadanan Perpustakaan Awam Johor
|
| 999 |
|
|
|a 0001444376
|b Book
|c Adult Collection
|e Perbadanan Perpustakaan Awam Johor
|
| 999 |
|
|
|a 0001444377
|b Book
|c Adult Collection
|e Cawangan AEON Kulaijaya
|
| 999 |
|
|
|a 0001444379
|b Book
|c Adult Collection
|e Cawangan Urban Transformation Centre
|